Varones latinoamericanos : estudios sobre sexualidad y reproducción /
Compilación de diez trabajos de investigación sociocultural sobre el papel del varón en la sexualidad y la reproducción, desarrollados en Perú, Argentina y México. Las investigaciones abordan temas como los distintos modelos de ser hombre, la iniciación sexual en la adolescencia, las decisiones sobr...
שמור ב:
| מחבר ראשי: | |
|---|---|
| מחברים אחרים: | |
| פורמט: | ספר |
| שפה: | ספרדית |
| יצא לאור: |
Buenos Aires, Argentina :
Paidós,
2005, c2005
|
| סדרה: | (Tramas Sociales ;
31) |
| נושאים: | |
| תגים: |
אין תגיות, היה/י הראשונ/ה לתייג את הרשומה!
|
MARC
| LEADER | 00000nam^a2200000^a^4500 | ||
|---|---|---|---|
| 001 | 000181398 | ||
| 005 | 20250521000000.0 | ||
| 009 | 20260310101932.566 | ||
| 020 | |a 950-12-4531-4 | ||
| 037 | |a Acervo ITESO - Biblioteca | ||
| 041 | |a ESP | ||
| 082 | |a 305. 410980 |b PAN | ||
| 100 | |a Pantelides, Edith Alejandra |e (comp.) | ||
| 245 | 1 | 0 | |a Varones latinoamericanos : |b estudios sobre sexualidad y reproducción / |c Comp. de E.A. Pantelides, E. López ; pról. de Enrique Ezcurra. |
| 264 | 4 | |a Buenos Aires, Argentina : |b Paidós, |c 2005, c2005 | |
| 300 | |a 331 p. | ||
| 336 | |a texto |b txt |2 rdacontenido | ||
| 337 | |a sin mediación |b n |2 rdamedio | ||
| 338 | |a volumen |b nc |2 rdasoporte | ||
| 440 | 1 | |a (Tramas Sociales ; |v 31) | |
| 520 | |a Compilación de diez trabajos de investigación sociocultural sobre el papel del varón en la sexualidad y la reproducción, desarrollados en Perú, Argentina y México. Las investigaciones abordan temas como los distintos modelos de ser hombre, la iniciación sexual en la adolescencia, las decisiones sobre anticoncepción, las enfermedades de transmisión sexual, la violencia sexual y de género, la homofobia y la bisexualidad. | ||
| 649 | |a XX | ||
| 650 | |a Hombres Latinoamericanos - |x Condiciones Sociales y Culturales - |x Tema Principal | ||
| 650 | |a Roles de Género - |z Latinoamérica | ||
| 650 | |a Identidad de Género - |z Latinoamérica | ||
| 650 | |a Género - |z Latinoamérica | ||
| 650 | |a Homosexualidad - |z Latinoamérica | ||
| 650 | |a Bisexualidad - |z Latinoamérica | ||
| 650 | |a Prácticas Sexuales - |z Latinoamérica - |x Aspectos Sociales y Culturales - |x Tema Principal | ||
| 650 | |a Virus del Papiloma Humano - |z Latinoamérica | ||
| 650 | |a Enfermedades de Transmisión Sexual - |z Latinoamérica | ||
| 650 | |a Enfermedades Virales - |z Latinoamerica | ||
| 650 | |a Enfermedades Infecciosas - |z Latinoamerica | ||
| 650 | |a Anticonceptivos - |z Latinoamérica | ||
| 650 | |a Vasectomía - |z Latinoamérica | ||
| 650 | |a Reproducción Humana - |z Latinoamérica - |x Aspectos Sociales y Culturales | ||
| 650 | |a Salud Reproductiva - |z Latinoamérica | ||
| 650 | |a Sexualidad - |z Latinoamérica | ||
| 650 | |a Sociología | ||
| 700 | |a López, Elsa |e (compilación) | ||
| 910 | |a Fondo General | ||
| 920 | |a Impresos - Libros | ||
| 930 | |a Colección General | ||
| 905 | |a 101 | ||
| 901 | |a 0500121209 |b IT1 |c ACC |u 20250521 | ||
| 901 | |a 0500181189 |b IT1 |c ACC |i C119918 |u 20250521 | ||
| 902 | |a https://opac.biblio.iteso.mx/vufind/Record/000181398 | ||